000 00657nam a2200265Ia 4500
003 OSt
005 20220918164629.0
006 a|||||r|||| 00| 0
007 ta
008 220917b |||||||| |||| 00| 0 eng d
020 _a0706903722
024 _a3,015
037 _cTextual
040 _aARTS
_cARTS
_beng
041 _2eng
_aeng
082 _aY:6.2, L2;L5
100 _aKuppuswamy B.
_912819
245 0 _aSocial change in India
250 _a2nd
260 _aNew Delhi
_bVikas
_c1975
300 _a493 Tables
_ccm.
650 _aSOCIOLOGY
942 _hY:6.2, L2;L5
_cTEXL
_2CC
999 _c125640
_d125640